000 00824nam a2200253 4500
001 28083
003 BD-RjUL
005 20211209051233.0
008 140329s1969 enkabef b 001 0 eng d
035 _a(BD-RjUL)28164
040 _aBD-RjUL
_beng
_cBD-RjUL
_dBD-RjUL
041 _aeng
082 _a954.16
_bHUA 1969
100 1 _aHutton, J. H.
_q(John Henry),
_d1885-1968.
_986095
245 1 4 _aThe Angami Nagas :
_bwith some notes on neighbouring tribes /
_cJ. H. Hutton
250 _a2nd ed
260 _aOxford University Press :
_bLondon,
_c1969
300 _axvii, 499 p., 41 plates (4 fold.) :
_bill., maps ;
_c23 cm
500 _a"Published by direction of the Government of Nagaland" - t.p.
650 0 _aAngami (Indic people)
_986096
942 _2ddc
_cBK
999 _c28083
_d28083